[Event "CAN-ch extra"]
[Site "Kingston"]
[Date "2019.04.20"]
[Round "5.25"]
[White "Han, Johnathan"]
[Black "Murray, Brian"]
[Result "1-0"]
[WhiteElo "1979"]
[BlackElo "1377"]
[PlyCount "91"]
[EventDate "2019.04.18"]
[EventType "swiss"]
[EventRounds "9"]
[EventCountry "CAN"]
[SourceTitle "EXT 2022"]
[Source "ChessBase"]
[SourceDate "2021.10.06"]
[SourceVersion "1"]
[SourceVersionDate "2021.10.06"]
[SourceQuality "1"]

1. e4 e5 2. Nf3 d6 3. Bc4 Be7 4. d4 Nd7 5. Nc3 c6 6. a4 b6 7. 0-0 Ngf6 8. d5 Bb7 9. dxc6 Bxc6 10. Re1 0-0 11. Bg5 Re8 12. Qd2 Qc7 13. Bb5 a6 14. Bxc6 Qxc6 15. h3 Nc5 16. Bxf6 Bxf6 17. Nd5 Bd8 18. b3 Ne6 19. g3 h6 20. h4 Rf8 21. Rad1 f5 22. Nb4 Qc8 23. Qxd6 fxe4 24. Nxe5 Bc7 25. Qd5 Bxe5 26. Qxe5 Nf4 27. gxf4 Qg4+ 28. Kf1 Qh3+ 29. Ke2 Qf3+ 30. Kd2 Qxf2+ 31. Kc1 Qxf4+ 32. Qxf4 Rxf4 33. Rd7 Rxh4 34. Rg1 g5 35. Nd5 b5 36. Nf6+ Kf8 37. Rf1 Rf4 38. Rxf4 gxf4 39. Rh7 e3 40. Rh8+ Kf7 41. Rxa8 bxa4 42. Rxa6 axb3 43. cxb3 f3 44. Ng4 e2 45. Kd2 h5 46. Rf6+ 1-0

[Event "NATO-ch 26th"]
[Site "Amsterdam"]
[Date "2015.07.07"]
[Round "3.52"]
[White "Rizihs, Valerijs"]
[Black "Murray, Brian"]
[Result "1-0"]
[WhiteElo "1761"]
[BlackElo "1531"]
[PlyCount "45"]
[EventDate "2015.07.06"]
[EventType "swiss"]
[EventRounds "7"]
[EventCountry "NED"]
[SourceTitle "EXT 2016"]
[Source "ChessBase"]
[SourceDate "2015.10.08"]
[SourceVersion "1"]
[SourceVersionDate "2015.10.08"]
[SourceQuality "1"]
[WhiteTeam "Latvia"]
[BlackTeam "Veterans"]
[WhiteTeamCountry "LAT"]

1. e4 d6 2. Nc3 c6 3. f4 e5 4. fxe5 dxe5 5. Nf3 Bg4 6. Bc4 Qc7 7. d3 Nf6 8. Be3 Be7 9. 0-0 0-0 10. Qd2 Nbd7 11. h3 Bh5 12. a3 b5 13. Ba2 a5 14. Ne2 h6 15. Ng3 Bg6 16. Bxh6 gxh6 17. Qxh6 Bc5+ 18. Kh1 Rfe8 19. Qxg6+ Kh8 20. Qh6+ Nh7 21. Ng5 Ndf6 22. Rxf6 Rf8 23. Qxh7# 1-0

[Event "NATO-ch 25th"]
[Site "Quebec"]
[Date "2014.09.08"]
[Round "1"]
[White "Aagaard, Gert"]
[Black "Murray, Brian"]
[Result "1-0"]
[WhiteElo "2041"]
[BlackElo "1633"]
[PlyCount "77"]
[EventDate "2014.09.08"]
[EventType "team-swiss"]
[EventRounds "7"]
[EventCountry "CAN"]
[SourceTitle "EXT 2015"]
[Source "ChessBase"]
[SourceDate "2014.11.20"]
[SourceVersion "1"]
[SourceVersionDate "2014.11.20"]
[SourceQuality "1"]
[WhiteTeam "Denmark"]
[BlackTeam "Canada II"]
[WhiteTeamCountry "DEN"]
[BlackTeamCountry "CAN"]

1. d4 Nf6 2. c4 d6 3. Nf3 c6 4. Nc3 Nbd7 5. g3 e6 6. Bg2 Be7 7. 0-0 b6 8. Bf4 Ba6 9. Qa4 Qc8 10. Nd2 Bb7 11. Nde4 e5 12. dxe5 dxe5 13. Bg5 0-0 14. Bh3 Qc7 15. Rfd1 Bc8 16. Bg2 Bb7 17. Rac1 a6 18. b4 b5 19. Qb3 bxc4 20. Qxc4 Nb6 21. Qb3 Nfd5 22. Nxd5 Nxd5 23. Rxd5 Bxg5 24. Nxg5 Qe7 25. Nxh7 cxd5 26. Nxf8 Rxf8 27. Bxd5 Rc8 28. Rd1 Bxd5 29. Rxd5 Rc1+ 30. Kg2 Qb7 31. Qf3 Qc7 32. a3 Rc3 33. Qf5 Rxa3 34. e4 f6 35. Rc5 Qe7 36. Rc8+ Kf7 37. Qh5+ g6 38. Qh7+ Ke6 39. Rc6+ 1-0

[Event "NATO-ch 21st"]
[Site "Koge"]
[Date "2010.10.22"]
[Round "7"]
[White "Murray, Brian"]
[Black "Kacevicius, Dangiras"]
[Result "1-0"]
[WhiteElo "1466"]
[BlackElo "1730"]
[PlyCount "137"]
[EventDate "2010.10.18"]
[EventType "swiss"]
[EventRounds "7"]
[EventCountry "DEN"]
[SourceTitle "EXT 2011"]
[Source "ChessBase"]
[SourceDate "2010.11.26"]
[SourceVersion "1"]
[SourceVersionDate "2010.11.26"]
[SourceQuality "1"]

1. e4 e5 2. Nf3 Nc6 3. c3 Nf6 4. d3 d5 5. Nbd2 dxe4 6. dxe4 Bc5 7. b4 Bb6 8. b5 Na5 9. Nxe5 0-0 10. Qc2 Re8 11. Ndf3 h6 12. Bd3 c5 13. bxc6 bxc6 14. 0-0 Qc7 15. Bb2 Rxe5 16. Nxe5 Qxe5 17. c4 Qe7 18. Qc3 Be6 19. Ba3 c5 20. e5 Nd7 21. Rae1 Nc6 22. f4 Ba5 23. Qc2 Bxe1 24. Rxe1 Nd4 25. Qf2 Nf5 26. Rd1 Rb8 27. Be4 Nd4 28. Rxd4 Qe8 29. Rd1 Bxc4 30. Qc2 Bb5 31. Bb2 Nb6 32. Qxc5 Rc8 33. Qf2 Ba4 34. Rc1 Rd8 35. Qg3 Rd2 36. Bc3 Rd1+ 37. Rxd1 Bxd1 38. e6 g6 39. exf7+ Qxf7 40. Bxg6 Qc7 41. Bf7+ Kf8 42. Qg7+ Ke7 43. Bf6+ Kd7 44. Be6+ Kd6 45. Qxc7+ Kxc7 46. Be5+ Kd8 47. f5 Ke7 48. Kf2 Bc2 49. g4 Bd3 50. Bb3 Bc4 51. Kf3 Bxb3 52. axb3 a6 53. Bg7 Nd7 54. Bxh6 Ne5+ 55. Kf4 Nd3+ 56. Ke3 Nc5 57. b4 Na4 58. Kd4 Nb6 59. Bg5+ Kd6 60. h4 Nd5 61. h5 Nxb4 62. h6 Nc6+ 63. Kc3 Ne5 64. Bf4 a5 65. Bxe5+ Kxe5 66. h7 Kf4 67. h8Q Kxg4 68. f6 a4 69. f7 1-0

[Event "NATO-ch 21st"]
[Site "Koge"]
[Date "2010.10.19"]
[Round "2"]
[White "De Cat, Ben"]
[Black "Murray, Brian"]
[Result "1-0"]
[WhiteElo "1927"]
[BlackElo "1466"]
[PlyCount "91"]
[EventDate "2010.10.18"]
[EventType "swiss"]
[EventRounds "7"]
[EventCountry "DEN"]
[SourceTitle "EXT 2011"]
[Source "ChessBase"]
[SourceDate "2010.11.26"]
[SourceVersion "1"]
[SourceVersionDate "2010.11.26"]
[SourceQuality "1"]

1. Nf3 d6 2. d3 c6 3. e4 e5 4. Be2 Nf6 5. h3 Be7 6. Nbd2 Nbd7 7. g4 b5 8. Nf1 Nc5 9. Ng3 g6 10. Be3 Ne6 11. Qd2 a5 12. g5 Nd7 13. h4 Qc7 14. h5 Bb7 15. hxg6 fxg6 16. 0-0-0 c5 17. Rh4 b4 18. Rdh1 h5 19. gxh6 Bxh4 20. Nxh4 Nf4 21. Bxf4 exf4 22. Nxg6 Rh7 23. Nxf4 0-0-0 24. Ne6 Qb6 25. Nxd8 Qxd8 26. Bg4 Kb8 27. Bf5 Rh8 28. h7 Nf6 29. Qg5 Qf8 30. Rh6 Nxh7 31. Qh4 a4 32. Rxh7 Rxh7 33. Qxh7 a3 34. Qg6 axb2+ 35. Kb1 Qd8 36. Ne2 c4 37. dxc4 Qb6 38. e5 Qxf2 39. Qxd6+ Ka8 40. Qd8+ Ka7 41. Qd4+ Qxd4 42. Nxd4 Kb6 43. Ne6 Bc8 44. Kxb2 Bxe6 45. Bxe6 Kc5 46. Bd5 1-0

[Event "NATO-ch 20th"]
[Site "Hammelburg"]
[Date "2009.06.17"]
[Round "4"]
[White "Murray, Brian"]
[Black "Nilsen, Terje"]
[Result "0-1"]
[WhiteElo "1571"]
[BlackElo "2022"]
[PlyCount "72"]
[EventDate "2009.06.15"]
[EventType "swiss"]
[EventRounds "7"]
[EventCountry "GER"]
[SourceTitle "CBM 130 Extra"]
[Source "ChessBase"]
[SourceDate "2009.07.02"]
[SourceVersion "2"]
[SourceVersionDate "2009.07.15"]
[SourceQuality "1"]

1. e4 g6 2. d4 Bg7 3. Nf3 d6 4. Bb5+ c6 5. Ba4 Nf6 6. 0-0 Nxe4 7. Re1 Nf6 8. c4 0-0 9. Nc3 Re8 10. Bg5 h6 11. Bh4 Nbd7 12. Bb3 Qc7 13. d5 Nc5 14. Bc2 e5 15. b4 Ncd7 16. Ne4 Nxe4 17. Bxe4 f5 18. Bc2 Nb6 19. Bb3 c5 20. Rc1 Bd7 21. bxc5 Qxc5 22. h3 Rac8 23. Qd2 a5 24. Qe3 a4 25. Qxc5 Rxc5 26. Bc2 Nxc4 27. Bd3 b5 28. Bxc4 Rxc4 29. Rxc4 bxc4 30. Rc1 e4 31. Rxc4 exf3 32. Rc7 Re1+ 33. Kh2 Be5+ 34. g3 g5 35. Bxg5 hxg5 36. Rxd7 Rf1 0-1